000 01069nam a2200301 a 4500
001 000040459
003 DO-SdBNP
005 20241010113235.0
008 130826s2013 dr 001 0 spa d
020 _a9789945165463
040 _aDO-SdBNP
_bspa
_cBNPHU
082 4 _a371.227
_bU42c, 2013
_222
100 1 _aMorel, Luis A. Ulloa
_9691
245 1 4 _aLos caminos del aprendizaje :
_b[pedagogía para educandos] /
_cLuis Ulloa Morel ; prólogo Héctor Martínez Fernández.
250 _a3ª ed.
260 _aSanto Domingo :
_bBúho,
_c2013.
300 _a142 p. ;
_c24 cm.
500 _aIncluye datos biográficos del autor en la contracubierta.
500 _aIncluye referencias bibliográficas y notas al pie de las páginas
504 _aBibliografía: p.139-142.
590 _aInventariado,2018/DG
650 0 _aPedagogía
_9693
650 4 _aAprendizaje activo
_919540
650 4 _aAptitud de aprendizaje
_9733
700 1 _aMartínez Fernández, Héctor,
_d1949-
_epról.
_919541
910 _aValidado. Control de calidad EMS.
942 _2ddc
_cLBS1
999 _c39949
_d39949